関西本線と交差する鉄道路線 - Statistics

General Stats
  • This quiz has been taken 52 times
  • The average score is 14 of 21
Answer Stats
Answer % Correct
奈良線
80%
御堂筋線
80%
大阪線
74%
名古屋線
72%
名古屋線
72%
名古屋線
72%
名古屋線
72%
名古屋線
72%
名古屋線
72%
橿原線
72%
谷町線
72%
南海本線
72%
東海道新幹線
59%
あおなみ線
57%
阪和線
57%
堺筋線
57%
三岐線
54%
三岐線
54%
田原本線
54%
四つ橋線
52%
北勢線
48%
No matching quizzes found
Score Distribution
Percent of People with Each Score
Percentile by Number Answered
Your Score History
You have not taken this quiz